000
00292nam a22001337a 4500
020
_a
0-7214-0013-2
082
_a
823
_b
MUR/L
100
_a
LOOK AT THIS
245
_a
KEY WORDS WITH LADY BIRD
260
_a
LONDON
_b
LADY BIRD
300
_a
50
650
_a
ENGLISH SHORT STORY
_z
UK
942
_c
BK
999
_c
2602
_d
2602